| 000 | 01967cam a2200373 i 4500 | ||
|---|---|---|---|
| 001 | 61737 | ||
| 003 | Mx-PuUPA | ||
| 005 | 20241202100343.0 | ||
| 008 | 141113s2019 mx gr 000 f spa d | ||
| 020 |
_a9786071664464 _qobra completa |
||
| 020 |
_a9786071664488 _qtomo I |
||
| 020 |
_a9786071664495 _qtomo II |
||
| 040 |
_aMx-PuUPA _bspa _cMx-PuUPA _dMx-PuUPA _erda |
||
| 041 | 1 |
_aspa _hund |
|
| 100 | 1 |
_aDostoyevsky, Fyodor, _d1821-1881 _eautor _910149 |
|
| 245 | 1 | 0 |
_aCuentos completos / _cFiódor M. Dostoyevsky ; Bela Martinova, edición, prólogo y traducción |
| 250 |
_aPrimera edición / _ben dos tomos |
||
| 264 | 1 |
_aCiudad de México : _bFondo de Cultura Económica, _c2019 _c©2010 |
|
| 300 |
_a2 volúmenes ; _c21 cm |
||
| 336 |
_atexto _2rdacontent _btxt |
||
| 337 |
_asin medio _2rdamedia _bn |
||
| 338 |
_avolumen _2rdacarrier _bnc |
||
| 490 | 1 |
_aColección popular ; _v759 |
|
| 500 | _aReimpresiones: (primera, 2021). | ||
| 505 | 0 |
_gtomo I. _tNovela en nueve cartas (1845) ; El señor Projarchin (1846) ; Polzunkov (1847) ; El corazón débil (1848) ; La mujer ajena y el marido debajo de la cama (1848) ; El ladrón honrado (1848) ; El árbol de navidad y una boda (1848) ; Las noches blancas (1848) - _gtomo II. _tEl pequeño héroe (1849) ; Un episodio vergonzoso (1862) ; El cocodrilo (1865) ; Bobok (1873) ; El niño con la manita (1876) ; El campesino Maréi (1876) ; La sumisa (1876) ; Dos suicidios (1876) ; El sueño de un hombre redículo (1877) ; Vlas (1877) ; Cronología. |
|
| 650 | 7 |
_aCuentos rusos _2armarc |
|
| 655 | 7 |
_2armarc _aLiteratura rusa _ySiglo XIX |
|
| 700 | 1 |
_aMartinova, Bela _9502 _eeditor _eprologuista _etraductor |
|
| 830 | 0 |
_912714 _aColección popular (Fondo de Cultura Económica (México)) ; _v759 |
|
| 942 |
_2ddc _cLI _h891.73 _iD722 |
||
| 999 |
_c61737 _d61737 |
||